000 00794cam a2200253 a 4500
001 14585812
005 20180111072928.0
008 061006s2006 nyu 001 0 eng
010 _a 2006049755
020 _a0060881577
020 _a9780060881573
035 _a(OCoLC)ocm76064766
035 _a(OCoLC)76064766
040 _aDLC
_cDLC
_dIG#
_dBAKER
_dDLC
041 0 _aeng
_aspa
080 _a468.2421
082 0 0 _a468.2421 MEN
_222
100 1 _a46
101 _aEDU
245 1 0 _aSpanish grammar /
_cAna Laura Tello Fairchild, Juan Mendez ; contributing editor, Dale F. Knickerbocker.
906 _a7
_bcbc
_corignew
_d1
_eocip
_f20
_gy-gencatlg
942 _2ddc
_cBK
999 _c40123
_d40123